|
|
|
|
| LEADER |
00856nta a2200205 i 4500 |
| 001 |
dipl143825 |
| 005 |
20250129115232.0 |
| 008 |
250129s2010 hu om 000 ger d |
| 040 |
|
|
|a SZTE Diploma Repozitórium
|b hun
|
| 041 |
|
|
|a ger
|
| 100 |
1 |
|
|a Dávidházi Géza
|
| 245 |
1 |
0 |
|a Übersetzungsanalyse anhand des Romans von Daniel Kehlmann
|h [elektronikus dokumentum] :
|b „Die Vermessung der Welt“ /
|c Géza Dávidházi
|
| 260 |
|
|
|c 2010
|
| 650 |
|
4 |
|a Bölcsészettudományok
|
| 650 |
|
4 |
|a Humanities
|
| 650 |
|
4 |
|a Linguistics
|
| 650 |
|
4 |
|a Arts (arts, history of arts, performing arts, music)
|
| 700 |
0 |
2 |
|a Drahota-Szabó Erzsébet
|e ths
|
| 856 |
4 |
0 |
|u https://diploma.bibl.u-szeged.hu/id/eprint/143825/1/2010_davidhazi_geza.pdf
|z Dokumentum-elérés
|
| 856 |
4 |
0 |
|u https://diploma.bibl.u-szeged.hu/id/eprint/143825/2/2010_davidhazi_geza_biralat.pdf
|z Dokumentum-elérés
|